| 000 | 01197cac a22003255a 4500 | ||
|---|---|---|---|
| 999 |
_c4627 _d4627 |
||
| 003 | EG-ScBUE | ||
| 005 | 20191216152110.0 | ||
| 008 | 190718r20031995enka f 000 0 eng d | ||
| 020 | _a1859640656 | ||
| 020 | _a9781859640654 | ||
| 040 |
_aEG-ScBUE _beng _erda _cEG-ScBUE _dEG-ScBUE |
||
| 041 | 0 |
_aeng _aara |
|
| 082 | 0 | 4 |
_a428.24 _bMAC _222 |
| 100 | 1 |
_aMacfarlane, Michael, _d1946- _eauthor. |
|
| 245 | 1 | 0 |
_aEnglish practice grammar : _bwith answers / _cMichael Macfarlane ; Arabic consultant, Dr Abdel Halim A. Abo Jalalah. |
| 246 | 3 | 4 |
_aEnglish practice grammar : _bEnglish grammar with exercises, home-study and class edition, with answers |
| 250 | _aReprint edition. | ||
| 264 | 1 |
_aReading, UK : _bGarnet Publishing Ltd, _c2003. |
|
| 300 |
_a245 pages : _billustrations ; _c28 cm. |
||
| 336 |
_2rdacontent _atext _btxt |
||
| 337 |
_2rdamedia _aunmediated _bn |
||
| 338 |
_2rdacarrier _avolume _bnc |
||
| 546 | _aText in English and Arabic. | ||
| 590 | _anadeen magdy | ||
| 650 | 7 |
_aEnglish language _xGrammar. _2BUEsh |
|
| 650 | 7 |
_aEnglish language _vTextbooks for foreign speakers. _2BUEsh |
|
| 653 |
_bHHUUEENN _cJuly2019 |
||
| 655 | _vReading book | ||
| 942 |
_cNB _k428.824927 M1435 _2ddc |
||